| Tag |
First Indicator |
Second Indicator |
Subfields |
| LEADER |
00000cam a2200000 4500 |
| 001 |
in00000064997 |
| 005 |
20151008051213.0 |
| 008 |
750122s1954 dcu 00000 eng u |
| 010 |
|
|
|a 55000289
|
| 035 |
|
|
|a (OCoLC)01148238
|
| 035 |
|
|
|9 AAG6415AM
|
| 040 |
|
|
|c RGC
|d TXA
|d UtOrBLW
|
| 049 |
|
|
|a TXAM
|c [276252]
|
| 050 |
|
0 |
|a UA42
|b .N26
|
| 092 |
|
|
|a 355
|b N277n
|
| 110 |
2 |
|
|a National Guard Association of the United States.
|
| 245 |
1 |
4 |
|a The Nation's National Guard.
|
| 264 |
|
1 |
|a Washington,
|b [publisher not identified] ;
|c 1954.
|
| 300 |
|
|
|a 119 pages :
|b illustrations ;
|c 24 cm.
|
| 336 |
|
|
|a text
|b txt
|2 rdacontent
|
| 337 |
|
|
|a unmediated
|b n
|2 rdamedia
|
| 338 |
|
|
|a volume
|b nc
|2 rdacarrier
|
| 651 |
|
0 |
|a United States
|x National Guard.
|
| 651 |
|
0 |
|a United States
|x Air National Guard.
|
| 700 |
1 |
|
|a Walsh, Ellard A.,
|d 1887-
|
| 999 |
|
|
|a MARS
|
| 999 |
f |
f |
|s 4dcbbe02-aabc-3777-9a13-4597c68a20dd
|i 55db8522-ff36-3a4c-a1ed-8fe3455add3c
|t 0
|
| 952 |
f |
f |
|p ric
|a Texas A&M University
|b Rellis Campus
|c Joint Library Facility
|d Remote Storage
|t 0
|e UA42 .N26
|h Library of Congress classification
|i unmediated -- volume
|m A14800802174
|
| 998 |
f |
f |
|a UA42 .N26
|t 0
|l Remote Storage
|